Countries Bordering Niger - 30 Second Sprint - Statistics

General Stats
  • This quiz has been taken 16 times
    13 since last reset
  • The average score is 6 of 7
Answer Stats
country % Correct
Chad
100%
Mali
100%
Algeria
92%
Burkina Faso
92%
Nigeria
92%
Libya
75%
Benin
67%
No matching quizzes found
Score Distribution
Percent of People with Each Score
Percentile by Number Answered
Your Score History
You have not taken this quiz since the last reset